Guess the One Direction song with no hints #5 - Statistics

General Stats
  • This quiz has been taken 72 times
  • The average score is 181 of 249
Answer Stats
Answer % Correct
you
100%
You
100%
I
98%
on
94%
On
94%
be
92%
we
92%
and
90%
And
90%
me,
90%
me
90%
to
90%
is
88%
it
88%
my
88%
The
88%
the
88%
do
86%
For
84%
for
84%
go
80%
I'm
80%
in
80%
hear
78%
know
78%
know,
78%
love
78%
Love
78%
That
78%
every
76%
(Ooh)
76%
this
76%
yeah
76%
Yeah,
76%
can't
74%
were
74%
all
68%
so
68%
everything
66%
Just
66%
like
66%
night
66%
Cause
64%
but
62%
could
62%
going
62%
won't
62%
here
60%
how
60%
own
60%
own,
60%
with
60%
With
60%
feel
58%
now
58%
now,
58%
down,
56%
feeling
56%
long,
56%
our
56%
home
54%
let's
54%
Right
54%
right
54%
calling
50%
new
50%
wish
50%
fight
48%
forever
48%
used
48%
Lights
46%
Singing
46%
songs
44%
these
44%
together
44%
voices
44%
friends,
40%
street,
40%
crazy
38%
faces
38%
(Woah,
34%
woah-oh)
34%
spaces
30%
Late-night
22%
No matching quizzes found
Score Distribution
Percent of People with Each Score
Percentile by Number Answered
Your Score History
You have not taken this quiz